Statistics for Title in the Lyrics Quiz: Rap

Click here to take the quiz!

General Stats

  • This quiz has been taken 111 times
  • The average score is 8 of 16

Answer Stats

Song Lyric% Correct
I get those {goosebumps} every time, yeah / you come around, yeah
92%
B**ch be {humble}, sit down / be {humble}, sit down
90%
Gone on you with the pick and roll / Young LaFlame he in {sicko} {mode}
71%
You better {lose} {yourself} in the music / The moment, you own it, you better never let it go
63%
I just wanna slide / Parties in the sky like it's {2055}
60%
{Drip} {too} {hard}, don't stand too close / You gon' f**k around and drown off this wave
59%
I wake up in the morning, I got {murder} {on} {my} {mind}
58%
{Look} {at} {me}, f**k on me / {Look} {at} {me}, f**k on me
55%
They try to take my flow, I take they a** for {ransom}
44%
Have you ever met a real n***a {rockstar}? / This ain't no guitar, b**ch, this a Glock
43%
Ice, {lemonade}, my neck was drippin' / Ice, {lemonade}, my neck was drippin
42%
They said I wouldn't be nothing / Now they always say, "{Congratulations}"
40%
We've been spending most their lives livin' in the {gangsta's} {paradise}
32%
{All} {girls} {are} {the} {same}, they're rotting my brain, love / Think I need a change before I go insane, love
30%
That's how it's supposed to be / Living {young}, {wild} {and} {free}
29%
'Cause it feels so empty {without} {me}
24%

Score Distribution

Percentile by Number Answered

Percent of People with Each Score

Your Score History

You have not taken this quiz